Power of freedom: reframing political thought
Saved in:
| Hovedforfatter: | |
|---|---|
| Format: | Bog |
| Sprog: | engelsk |
| Udgivet: |
Cambridge
Cambridge University Press
1999
|
| Udgivelse: | 1a. ed |
| Fag: | |
| Tags: |
Tilføj Tag
Ingen Tags, Vær først til at tagge denne postø!
|
MARC
| LEADER | 00000cam a2200000 a 4500 | ||
|---|---|---|---|
| 001 | UCE8682 | ||
| 003 | CL-VaPUC | ||
| 008 | 150827e19990000uk |||||||||||||||||eng|d | ||
| 020 | |a 9780521659055 | ||
| 082 | 0 | 4 | |a 320.01 |b ROS |2 21 |
| 100 | 0 | |a Rose, Nikolas |e author |9 581403 | |
| 245 | 1 | 0 | |a Power of freedom: reframing political thought |
| 250 | |a 1a. ed | ||
| 300 | |a 321 p | ||
| 942 | |c BK | ||
| 945 | |d 20150827 16:13:00 |a dcastane | ||
| 260 | |a Cambridge |b Cambridge University Press |c 1999 | ||
| 650 | 0 | |a Sociología política |9 255920 | |
| 650 | 0 | |a Libertad |9 255686 | |
| 583 | |a last modification |c 20150827 16:13:00 |k Rodrigo Vera | ||
| 999 | |c 360468 |d 360466 | ||
| 952 | |0 0 |1 0 |3 erb |4 0 |6 320_010000000000000_ROS_1999 |7 0 |8 A |9 470301 |a BIBCUR |b BIBCUR |i 5195136 |o 320.01 ROS 1999 |p 5195136 |r 2025-04-22 |w 2019-11-23 |y BK |z Catalogado en:20150827 |k PER | ||